[Event "PRVA LIGA CENTRALNE SRBIJE 2014"]
[Site "Kraljevo"]
[Date "2014.09.16"]
[Round "5.6"]
[White "Radovic, Luka"]
[Black "Ivanovic, Dragutin"]
[Result "1-0"]
[WhiteElo "2210"]
[BlackElo "2339"]
[PlyCount "97"]
[EventDate "2014.09.13"]

1. Nf3 d5 2. g3 c5 3. Bg2 Nc6 4. O-O e5 5. d3 f6 6. c4 d4 7. e3 Be6 8. exd4
cxd4 9. Na3 Qd7 10. Nc2 a5 11. Re1 Nge7 12. b3 Ng6 13. Ba3 Bxa3 14. Nxa3 O-O
15. Nc2 Rab8 16. Qd2 b5 17. Rab1 Rfc8 18. Qe2 Bh3 19. Rec1 Bxg2 20. Kxg2 Qg4
21. Kh1 bxc4 22. bxc4 f5 23. Qd1 h5 24. Nd2 Nf8 25. Qf3 Qxf3+ 26. Nxf3 Nd7 27.
Nh4 Nc5 28. Ne1 Nb4 29. Nxf5 Rf8 30. Ne7+ Kh7 31. Rd1 Rxf2 32. a3 Nba6 33. Rxb8
Nxb8 34. Kg1 Rf7 35. Nd5 g5 36. Rb1 Nbd7 37. Rb5 a4 38. Nb6 Kg6 39. Nxd7 Nxd7
40. Ra5 e4 41. dxe4 Nf6 42. Nf3 Ng4 43. Nxd4 Ne3 44. Nf5 Nxc4 45. Rxa4 Nd2 46.
Ra6+ Rf6 47. Rxf6+ Kxf6 48. Ne3 Ke5 49. Kf2 1-0

[Event "PRVA LIGA CENTRALNE SRBIJE 2014"]
[Site "Kraljevo"]
[Date "2014.09.16"]
[Round "5.6"]
[White "Ratkovic, Milovan"]
[Black "Radovic, Janko"]
[Result "1-0"]
[WhiteElo "2315"]
[BlackElo "2125"]
[PlyCount "65"]
[EventDate "2014.09.13"]

1. d4 c5 2. d5 e5 3. e4 d6 4. Nc3 Nf6 5. Be2 Nbd7 6. Nf3 a6 7. a4 b6 8. O-O Be7
9. Nd2 O-O 10. Nc4 Ne8 11. Be3 g6 12. Bh6 Ng7 13. f4 f5 14. Qd3 Rf7 15. Rad1
fxe4 16. Nxe4 Nf5 17. Bg5 b5 18. Bxe7 Qxe7 19. Na5 exf4 20. Rxf4 Ne5 21. Nc6
Qe8 22. Qd2 Nxc6 23. dxc6 Nd4 24. Rxf7 Qxf7 25. c3 Nxc6 26. Nxd6 Qe7 27. Qd5+
Kg7 28. Qxc6 Qxe2 29. Rf1 Qe3+ 30. Kh1 Qd3 31. Qc7+ Kh6 32. Nf7+ Kh5 33. Qf4
1-0

[Event "PRVA LIGA CENTRALNE SRBIJE 2014"]
[Site "Kraljevo"]
[Date "2014.09.16"]
[Round "5.6"]
[White "Lazic, Dragoljub"]
[Black "Sandic, Vladeta"]
[Result "1/2-1/2"]
[WhiteElo "2254"]
[BlackElo "2335"]
[PlyCount "57"]
[EventDate "2014.09.13"]

1. e4 d5 2. exd5 Nf6 3. Bb5+ Bd7 4. Be2 Bf5 5. d4 Nxd5 6. a3 e6 7. c4 Nb6 8.
Nc3 Nc6 9. Be3 Be7 10. h3 e5 11. d5 Nd4 12. Bxd4 exd4 13. Qxd4 O-O 14. Nf3 Re8
15. O-O Bf6 16. Qd2 Bxc3 17. bxc3 Qd6 18. Nd4 Bg6 19. Rfe1 a6 20. Nb3 Na4 21.
Bf1 h6 22. c5 Nxc5 23. Nxc5 Qxc5 24. c4 a5 25. Qb2 b6 26. Rxe8+ Rxe8 27. Qb5
Kf8 28. Rd1 Rd8 29. Qb3 1/2-1/2